00429 a2200157 450000500170000000800410001702000300005804000090008808200160009710000260011324500520013926000400019130000100023165000120024165000180025320260428141336.0260428b |||||||| |||| 00| 0 eng d a9789360801267cRs. 595.00 aMAIN a954.01bI9L aIyengar, P T Srinivas aLife in ancient India in the age of the mantras bManohar Publishersc2026aNew Delhi ax,138 aHistory aAncient India